000 01857nam a2200481 i 4500
001 108945
003 ES-MaACL
005 20250913063053.0
007 t|
008 061121s1974 fr r ||||1| spa d
040 _cES-MaACL
245 0 3 _aEl movimiento libertario español :
_bpasado, presente y futuro.
260 _aParís :
_bRuedo Ibérico,
_c1974.
300 _a348 páginas :
_bilustrado blanco y negro ;
_c21 cm.
490 1 _aCuadernos de Ruedo Ibérico ;
_vsuplemento
610 2 4 _aMovimiento Libertario Español
_95775
610 2 4 _aConfederación Nacional del Trabajo (España)
_93165
610 2 4 _aFederación Anarquista Ibérica
_9172559
650 4 _aAnarcosindicalismo
_99778
650 7 _aAnarquismo-
_zEspaña-
_vHistoria
_9151458
655 7 _2tgfbne
_9193653
_aLibros ilustrados
655 0 _9176636
_aEnsayos
700 1 _aJong, Rudolf de
_eaut
_9242249
700 1 _aBrey, Gerard
_eaut
_9242250
700 1 _979254
_aMaurice, Jacques,
_d1934-2013
_eaut
700 1 _990462
_aPeregrin Otero, Carlos
_eaut
700 1 _938607
_aChomsky, Noam,
_d1928-
_eaut
700 1 _aStuart Christie, James
_eaut
_9242251
700 1 _aFonseca, Carlos da
_eaut
_9242252
700 1 _981382
_aMintz, Frank
_eaut
700 1 _954560
_aGarcía Durán, Juan
_eaut
700 1 _aGómez Peláez, Fernando
_eaut
_9242253
700 1 _aMeltzer, Albert
_eaut
_9242254
700 1 _aOrero, Felipe
_eaut
_9242255
700 1 _917923
_aAbad de Santillán, Diego,
_d1897-1983
_eaut
700 1 _9240806
_aSeguí, Salvador,
_d1887-1923
_eaut
710 2 _aÉditions Ruedo ibérico
_9145333
830 1 _aCuadernos de Ruedo ibérico ;
_vsuplemento
_9185038
852 _aES-MaACL
_jL-2860
_9113074
_cDEPO2
_xEncuadernación rústica
942 _cMONOGRAFIA
_n0
999 _c108945
_d108945